|
|
|
|
| LEADER |
01663nam a22003137a 4500 |
| 001 |
AAL9015 |
| 003 |
BD-DhAAL |
| 005 |
20170505201447.0 |
| 008 |
170505m20122013- ||||| |||| 00| 0 eng d |
| 999 |
|
|
|c 38114
|d 38114
|
| 020 |
|
|
|a 9781847946249
|
| 040 |
|
|
|a BD-DhAAL
|d BD-DhAAL
|
| 082 |
|
|
|a 158.1
|
| 100 |
|
|
|a Duhigg, Charles
|9 21422
|
| 245 |
|
|
|a The power of habit :
|b why we do what we do, and how to change
|c Charles Duhigg
|
| 260 |
|
|
|a UK :
|b Random House,
|c 2013
|
| 300 |
|
|
|a 371 p. ;
|c 18 cm.
|
| 500 |
|
|
|a Includes index
|
| 541 |
|
|
|e 9015
|
| 650 |
|
|
|a Habit
|9 21423
|
| 650 |
|
|
|a Habit
|x Social aspects
|9 21424
|
| 650 |
|
|
|a Change (Psychology)
|9 21425
|
| 852 |
|
|
|a Savar Campus Library
|c General Shelf
|
| 942 |
|
|
|2 ddc
|c BK
|
| 952 |
|
|
|0 0
|1 0
|2 ddc
|4 0
|6 158_100000000000000_DUH
|7 0
|9 60516
|a SCL
|b SCL
|c GEN
|d 2017-05-05
|e Tajin Boi Ghar
|g 80.00
|l 9
|m 37
|o 158.1 DUH
|p 3020009015
|r 2025-07-20
|s 2025-07-14
|t 1
|w 2017-05-05
|y BK
|
| 952 |
|
|
|0 0
|1 0
|2 ddc
|4 0
|6 158_100000000000000_DUH
|7 0
|9 60517
|a SCL
|b SCL
|c GEN
|d 2017-05-05
|e Tajin Boi Ghar
|g 80.00
|l 19
|m 50
|o 158.1 DUH
|p 3020009016
|r 2025-07-13
|s 2025-07-06
|t 2
|w 2017-05-05
|y BK
|
| 952 |
|
|
|0 0
|1 0
|2 ddc
|4 0
|6 158_100000000000000_DUH
|7 0
|9 60518
|a SCL
|b SCL
|c GEN
|d 2017-05-05
|e Tajin Boi Ghar
|g 80.00
|l 8
|m 29
|o 158.1 DUH
|p 3020009017
|r 2023-12-08
|s 2023-11-26
|t 3
|w 2017-05-05
|y BK
|
| 952 |
|
|
|0 0
|1 0
|2 ddc
|4 0
|6 158_100000000000000_DUH
|7 0
|9 60519
|a SCL
|b SCL
|c GEN
|d 2017-05-05
|e Tajin Boi Ghar
|g 80.00
|l 8
|m 27
|o 158.1 DUH
|p 3020009018
|r 2022-08-24
|s 2022-07-16
|t 4
|w 2017-05-05
|y BK
|
| 952 |
|
|
|0 0
|1 0
|2 ddc
|4 0
|6 158_100000000000000_DUH
|7 0
|9 60520
|a SCL
|b SCL
|c GEN
|d 2017-05-05
|e Tajin Boi Ghar
|g 80.00
|l 12
|m 45
|o 158.1 DUH
|p 3020009019
|r 2023-06-21
|s 2023-06-04
|t 5
|w 2017-05-05
|y BK
|